000 00312 a2200121 4500
001 147109
040 _cEscola São Tomás de Aquino
100 _aBRANCO, Samuel Murgel
240 1 0 _aO saci e a reciclagem do lixo
_lpor
245 1 0 _aO saci e a reciclagem do lixo
697 _a*LITERATURA INFANTO
942 _cBK
999 _c147109
_d147109